000 04481nam a22006617a 4500
001 42835
003 gtgccic
005 20250731142931.0
007 ta
008 250731b ck ||||| |||| 00| 0 spa d
020 _a958600659 t. 1
020 _a9586006603 t. 2
020 _a9586006611 t. 3
020 _a958600662 t. 4
020 _a9586581 Obra completa
040 _agtgccic
_bspa
_cgtgccic
_dgtgccic
_erda
082 _a690 M572:5 t. 1
082 _a690 M572:5 t. 2
082 _a690 M572:5 t. 3
082 _a690 M575:5 t. 4
100 1 _aFrederick S. Merritt,
_bConsulting Engineer, West Palm Beach, Florida
_eEditor
100 1 _aJonathan T. Ricketts,
_bConsulting Engineer, Palm Spring, Florida
_eEditor
245 _aManual integral para diseño y construcción /
_cMerritt, Frederick S.
250 _a5a. ed.
_bTraducido de Building design and construction handbook
264 _aColombia :
_bMcGraw-Hill ;
_c1997.
300 _axxiv, p. irreg. :
_bil.
_c24 cm
336 _2rdacontenido
_atexto
_btxt
337 _2rdamedio
_asin mediación
_bn
338 _2rdasoporte
_avolumen
_bnc
505 _gSección 1
_rFrederick S. Merritt
_tSISTEMAS DE CONSTRUCCIÓN
505 _gSección 2
_rAlan D. Hinklin
_tEL EQUIPO DE CONSTRUCCIÓN. ADMINISTRACIÓN DEL PROCESO DE CONSTRUCCIÓN
505 _gSección 3
_rFrederick S. Merritt
_tPROTECCIÓN CONTRA SINIESTROS
505 _gSección 4
_rFrederick S. Merritt y David J. Akers
_tMATERIALES DE CONSTRUCCIÓN
505 _gSección 5
_rFrederick S. Merritt
_tTEORÍA ESTRUCTURAL
505 _gSección 6
_rCharles P. Gupton
_tMECÁNICA DE SUELOS Y CIMENTACIONES
505 _gSección 7
_rBruce Glidden
_tCONSTRUCCIÓN EN ACERO ESTRUCTURAL
505 _gSección 8
_rDon S. Wolford
_tCONSTRUCCIÓN EN ACERO CONFORMADO EN FRÍO
505 _gSección 9
_rEdward S. Hoffman
_tCONSTRUCCIÓN EN HORMIGÓN
505 _gSección 10
_rJohn ¨Buddy¨ Showalter y Thomas G. Williamson
_tCONSTRUCCIÓN EN MADERA
505 _gSección 11
_rFrederic S. Merritt
_tMUROS, PISOS Y SISTEMAS DE CIELOS RASOS
505 _gSección 12
_rThomas Lee Smith
_tSISTEMAS DE CUBIERTA
505 _gSección 13
_rFrank C. Yanocha
_tCALEFACCIÓN, VENTILACIÓN Y AIRE ACONDICIONADO
505 _gSección 14
_rGregory P. Gladfelter
_tINSTALACIONES SANITARIAS. ABASTECIMIENTO DE AGUA POTABLE, EQUIPOS CONTRAINCENDIO Y SISTEMAS DE AGUAS RESIDUALES
505 _gSección 15
_rJames M. Bannon
_tSISTEMAS ELÉCTRICOS
505 _gSección 16
_rSteven D. Edgett
_tCIRCULACIÓN VERTICAL
505 _gSección 17
_rRobert F. Borg y Kirl J Borg
_tADMINISTRACIÓN DE PROYECTOS DE CONSTRUCCIÓN
505 _gSección 18
_rJohn H. Baker
_tLEVANTAMIENTO DE PLANOS PARA LA CONSTRUCCIÓN DE UN EDIFICIO
505 _gSección 19
_rColman J. Mullin y Robert H. Kantor
_tCÁLCULO DE COSTOS DE CONSTRUCCIÓN
505 _gApéndice
_rFrederick S. Merritt
_tFACTORES PARA LA CONVERSIÓN AL SISTEMA MÉTRICO DE UNIDADES (SI)
520 _aEl libro presenta en varios volúmenes lo mejor de las prácticas habituales de diseño y construcción de edificios, información que será de gran utilidad para quienes tengan que tomar decisiones relativas a selección de materiales y métodos de construcción. Se ha hecho énfasis en los principios fundamentales y aplicaciones prácticas de ellos, con atención especial a los procedimientos simplificados. Los cambios sociológicos, los progresos de la industria y el comercio, los nuevos códigos de construcción, la expedición de nuevas leyes y regulaciones, las economías afectadas por la inflación así como los avances en la tecnología de la construcción son factores que generan preocupaciones e inquietudes cada vez mayores a los constructores y diseñadores de edificios, quienes necesitan conocimientos y destrezas más amplias con el objeto de hacerles frente a esas exigencias. El público solicita edificios más complejos que en el pasado, ya que deben servir para más propósitos, ser de mayor duración y requerir menos mantenimiento y reparaciones. Claro que también deben ser estéticamente agradables.
650 _aINGEDNIERÍA DE LA CONSTRUCCIÓN
650 _aMATERIALES DE CONSTRUCCIÓN
650 _aMECÁNICA DE SUELOS
700 _aEduardo Carriazo Paz
_dIngeniero civil Universidad Nacional de Colombia
_eTraducción
700 _aFélix Esquivia Muñoz
_dCorporación Universitaria Santafé de Bogotá
_eAnalista químico
942 _2ddc
_cBK
_n0
945 _aamlo
999 _c754
_d754